000 01081naa a22003137a 4500
001 BR6006712
003 BR-BrBNA
005 20240918172916.0
007 ta
008 230509b bl.||||| |||| 00| 0 por d
040 _aBR-BrBNA
_bpor
_cBiblioteca Nacional de Agricultura
041 _a(Pt)
072 _aL73; L72
_b4150
_b4076
090 _aL73 BR6006712
100 1 _aPires, F.D. de A.
111 1 _a2. Simposio Brasileiro de Raiva
_cRio de Janeiro, GB (Brazil)
_d6 Sep 1965
245 1 _aBiologia das quiropteros e raiva dos herbivoros [Morcego hematofago]
260 3 _aRio de Janeiro, GB (Brasil):
_c1965.
500 _a2. Simposio Brasileiro de Raiva Rio de Janeiro, GB (Brasil): 1965. p. 80-88 (BR6006712-AM)L73
650 _aDoenca animal
650 _aPraga de animal
650 _aRaiva
650 _aMorcego hematofago
650 _aTransmissao de doenca
650 _aBiologia
773 0 _t2. Simposio Brasileiro de Raiva
_wL73 BR6006712
_gRio de Janeiro, GB (Brasil), 1965. p. 80-88
909 _a202404
_bLucia
_c55
_dLucia Elande
942 _cAM
_2AGRIS
999 _c302021
_d302021